000
00264nam a2200109Ia 4500
008
190911s9999||||xx |||||||||||||| ||und||
100
_a
Laxmi Devi
245
0
_a
Planning For Economic Development
260
_a
New Delhi
_b
Pearson
_c
1997
300
_a
538
942
_c
BK
999
_c
6761
_d
6761